| LEADER |
01395nam0a2200205 450 |
| 001 |
16840628 |
| 010 |
|
|
|a 978-2-02150346-3
|b br.
|d 22
|
| 100 |
|
|
|a 20221028d2022 u u0frey01 ba
|
| 101 |
1 |
|
|a fre
|c eng
|
| 102 |
|
|
|a FR
|
| 200 |
0 |
|
|a espion qui aimait les livres (L')
|e roman
|f John Le Carré
|g traduit de l'anglais (Grande-Bretagne) par Isabelle Perrin
|
| 207 |
|
1 |
|a
|
| 210 |
|
|
|a Paris
|b 27 rue Jacob.
|c Seuil
|d 2022
|
| 215 |
|
|
|a 1 vol. (230 p.)
|c jaquette ill. en coul.
|d 22 cm
|
| 330 |
|
|
|a Julian a volontairement troqué son job lucratif à la City contre une librairie dans une petite station balnéaire de la côte est anglaise. Mais à peine est-il installé qu¹un visiteur surgi de nulle part vient bouleverser sa nouvelle vie : Edward, immigré polonais habitant la vaste demeure en bordure de la ville, semble en savoir beaucoup sur sa famille, et porter trop d¹intérêt à la bonne marche de son entreprise. Lorsqu¹une lettre parvient entre les mains d¹un haut gradé des Services, l¹avertissant qu¹une taupe organiserait la fuite d¹informations confidentielles, son enquête le conduit jusqu¹à cette paisible localité du Norfolk
|
| 700 |
|
0 |
|a Le Carré
|b John
|f 1931-....
|4 70
|
| 701 |
|
0 |
|a Perrin
|b Isabelle
|f 1967-....
|4 730
|
| 900 |
|
|
|a Roman Policier
|
| 901 |
|
|
|a Accessible au prêt
|
| 995 |
|
|
|a Bibliothèque
|c Bibliothèque
|f 024022967
|h 024022967
|k RP LEC
|o p
|q a
|r az
|e Bibliothèque
|